[Event "Bodensee Seniors op"]
[Site "Bregenz"]
[Date "2023.05.19"]
[Round "7"]
[White "Stern, Geoffrey"]
[Black "Kolas, Matija"]
[Result "1-0"]
[WhiteElo "1975"]
[BlackElo "1764"]
[PlyCount "91"]
[EventDate "2023.05.13"]
[EventType "swiss"]
[EventRounds "7"]
[EventCountry "AUT"]
[SourceTitle "CBM 214 Extra"]
[Source "ChessBase"]
[SourceDate "2023.07.31"]
[SourceVersion "1"]
[SourceVersionDate "2023.07.31"]
[SourceQuality "1"]

1. d4 d5 2. Bf4 e6 3. Nf3 f5 4. e3 Nf6 5. c4 c6 6. Nc3 Bd6 7. Bd3 0-0 8. 0-0 Qe7 9. Rc1 a5 10. Qc2 Ne4 11. Bxd6 Qxd6 12. Ne5 Nd7 13. Nxd7 Bxd7 14. f3 Nxc3 15. Qxc3 Qe7 16. e4 dxe4 17. fxe4 Qg5 18. Rce1 f4 19. Be2 Rae8 20. e5 b6 21. Bf3 Qe7 22. Re2 Rc8 23. Be4 Qd8 24. Ref2 Qh4 25. Rf3 h6 26. Qd2 Qe7 27. Rxf4 Rxf4 28. Qxf4 c5 29. d5 exd5 30. cxd5 g5 31. Qf6 Qxf6 32. Rxf6 b5 33. e6 Be8 34. d6 Kg7 35. d7 Rb8 36. dxe8Q Rxe8 37. Rf7+ Kg8 38. Bh7+ Kh8 39. Bf5 Kg8 40. g4 h5 41. h3 hxg4 42. hxg4 c4 43. Rb7 b4 44. Rc7 Rd8 45. e7 Re8 46. Bg6 1-0

[Event "Bodensee Seniors op"]
[Site "Bregenz"]
[Date "2023.05.18"]
[Round "6"]
[White "Lopez Ramirez, Jorge Hernan"]
[Black "Stern, Geoffrey"]
[Result "1-0"]
[WhiteElo "1865"]
[BlackElo "1975"]
[PlyCount "75"]
[EventDate "2023.05.13"]
[EventType "swiss"]
[EventRounds "7"]
[EventCountry "AUT"]
[SourceTitle "CBM 214 Extra"]
[Source "ChessBase"]
[SourceDate "2023.07.31"]
[SourceVersion "1"]
[SourceVersionDate "2023.07.31"]
[SourceQuality "1"]

1. e4 e6 2. d4 d5 3. Nd2 dxe4 4. Nxe4 Nd7 5. Bd3 Ngf6 6. c3 Nxe4 7. Bxe4 Nf6 8. Bc2 c5 9. Nf3 cxd4 10. Nxd4 Bc5 11. 0-0 0-0 12. Bg5 Qd5 13. Bxf6 gxf6 14. Qd3 f5 15. Rad1 Kh8 16. Qh3 Qe5 17. Rfe1 Qf6 18. Nf3 b5 19. Ne5 a5 20. Rd3 Bb6 21. Qh5 Bc7 22. Rh3 Qg7 23. f4 Bxe5 24. Rxe5 b4 25. Ree3 f6 26. cxb4 axb4 27. Bb3 Ra7 28. Qd1 e5 29. Qd6 Qe7 30. Qd2 Rd7 31. Qe1 Qc5 32. Kh1 Re7 33. Rh4 e4 34. Rhh3 Be6 35. Bxe6 Rxe6 36. Qd1 Rd6 37. Rxh7+ Kg8 38. Rg3+ 1-0

[Event "Wch Seniors 50 30th"]
[Site "Assisi"]
[Date "2022.11.16"]
[Round "2"]
[White "Stern, Geoffrey"]
[Black "Arkell, Keith C"]
[Result "0-1"]
[WhiteElo "1985"]
[BlackElo "2408"]
[PlyCount "34"]
[EventDate "2022.11.15"]
[EventType "swiss"]
[EventRounds "11"]
[EventCountry "ITA"]
[SourceTitle "CBM 211 Extra"]
[Source "ChessBase"]
[SourceDate "2023.01.31"]
[SourceVersion "1"]
[SourceVersionDate "2023.01.31"]
[SourceQuality "1"]

1. d4 e6 2. Nc3 d5 3. Bf4 Bd6 4. e3 Bxf4 5. exf4 c5 6. Nf3 cxd4 7. Qxd4 Nf6 8. Ne5 0-0 9. g4 Nc6 10. Nxc6 bxc6 11. g5 Nd7 12. Qd2 Rb8 13. 0-0-0 Qa5 14. h4 Nc5 15. Qd4 Rb4 16. Qe3 Qb6 17. b3 d4 0-1

[Event "Rottach Egern Seniors Cup 10th"]
[Site "Rottach Egern"]
[Date "2022.03.29"]
[Round "4"]
[White "Stern, Geoffrey"]
[Black "Weber, Bernhard"]
[Result "1-0"]
[WhiteElo "1930"]
[BlackElo "2065"]
[PlyCount "119"]
[EventDate "2022.03.26"]
[EventType "swiss"]
[EventRounds "9"]
[EventCountry "GER"]
[SourceTitle "CBM 207 Extra"]
[Source "ChessBase"]
[SourceDate "2022.05.31"]
[SourceVersion "1"]
[SourceVersionDate "2022.05.31"]
[SourceQuality "1"]

1. d4 Nf6 2. Nc3 d5 3. Bf4 e6 4. Nb5 Bb4+ 5. c3 Ba5 6. b4 a6 7. a4 Bxb4 8. cxb4 axb5 9. axb5 Rxa1 10. Qxa1 Bd7 11. e3 0-0 12. Bd3 Qe7 13. Qb2 Rc8 14. Nf3 b6 15. h3 Qe8 16. Qe2 Ne4 17. 0-0 c6 18. bxc6 Nxc6 19. Qb2 Qe7 20. Rb1 Nd6 21. Qb3 Nd8 22. Rb2 Nc4 23. Rc2 b5 24. Ne5 Be8 25. Be2 f6 26. Nd3 Bg6 27. Ra2 Bxd3 28. Bxd3 Nc6 29. Qb1 g6 30. Qa1 Qxb4 31. Ra8 Qf8 32. Rxc8 Qxc8 33. Qb1 Qa6 34. Bxg6 f5 35. Be8 Kf8 36. Bxc6 Qxc6 37. Qb4+ Kg7 38. h4 Nb6 39. Kh2 Nd7 40. Bg5 Qc7+ 41. Kh3 Nf6 42. Bxf6+ Kxf6 43. Qxb5 f4 44. Qe8 fxe3 45. fxe3 Qc1 46. Qf8+ Kg6 47. Qf3 Qh1+ 48. Kg3 Qe1+ 49. Kg4 h5+ 50. Kh3 Qh1+ 51. Kg3 Qe1+ 52. Qf2 Qd1 53. Kh2 Qa1 54. Qg3+ Kh7 55. Qg5 Qd1 56. Qe7+ Kh8 57. Qxe6 Qe1 58. Qe5+ Kg8 59. Qxd5+ Kf8 60. Qf5+ 1-0

[Event "Rottach Egern Seniors Cup 9th"]
[Site "Rottach Egern"]
[Date "2021.10.26"]
[Round "5"]
[White "Flockerzi, Armin"]
[Black "Stern, Geoffrey"]
[Result "0-1"]
[WhiteElo "1767"]
[BlackElo "1937"]
[PlyCount "88"]
[EventDate "2021.10.22"]
[EventType "swiss"]
[EventRounds "7"]
[EventCountry "GER"]
[SourceTitle "CBM 204 Extra"]
[Source "ChessBase"]
[SourceDate "2021.11.30"]
[SourceVersion "1"]
[SourceVersionDate "2021.11.30"]
[SourceQuality "1"]

1. Nf3 d5 2. d4 e6 3. Bf4 c5 4. c3 Nc6 5. e3 Bd6 6. Bxd6 Qxd6 7. g3 Nf6 8. Bg2 0-0 9. 0-0 b6 10. Nbd2 Bb7 11. Re1 Rfd8 12. a3 e5 13. dxe5 Nxe5 14. Nxe5 Qxe5 15. Qc2 Rd7 16. Rad1 Rad8 17. b3 h6 18. Rb1 Ne4 19. Rbc1 Rd6 20. Bxe4 dxe4 21. Nc4 Qh5 22. Nxd6 Rxd6 23. Rcd1 Rf6 24. Rd8+ Kh7 25. Qe2 Qf5 26. Red1 Bc8 27. R8d5 Qg6 28. Qd2 Be6 29. Rd6 Qg4 30. Re1 Qh3 31. f4 exf3 32. Qf2 h5 33. Kh1 Rg6 34. Rg1 Qf5 35. c4 Qe4 36. Rf1 Rf6 37. Kg1 h4 38. gxh4 Qe5 39. Qd2 Rg6+ 40. Kh1 Rg2 41. Qd3+ Bf5 42. Qxf5+ Qxf5 43. Rd5 Qh3 44. Rh5+ Kg8 0-1

[Event "Bad Wiessee Senioren Cup 8th"]
[Site "Bad Wiessee"]
[Date "2019.05.18"]
[Round "8"]
[White "Gutt, Oswald"]
[Black "Stern, Geoffrey"]
[Result "1/2-1/2"]
[WhiteElo "1932"]
[BlackElo "2015"]
[PlyCount "41"]
[EventDate "2019.05.11"]
[EventType "swiss"]
[EventRounds "9"]
[EventCountry "GER"]
[SourceTitle "EXT 2020"]
[Source "ChessBase"]
[SourceDate "2019.10.17"]
[SourceVersion "1"]
[SourceVersionDate "2019.10.17"]
[SourceQuality "1"]

1. d4 e6 2. c4 d5 3. Nc3 Nf6 4. cxd5 exd5 5. Bg5 Nbd7 6. e3 c6 7. Bd3 Be7 8. Qc2 0-0 9. Nf3 Re8 10. 0-0 Nf8 11. Rab1 a5 12. a3 Bg4 13. Ne5 Bh5 14. b4 axb4 15. axb4 N6d7 16. Nxd7 Qxd7 17. Bxe7 Qxe7 18. b5 Qd6 19. bxc6 bxc6 20. Rfc1 Ra3 21. Rb3 1/2-1/2

[Event "Helsingor Xtracon op"]
[Site "Helsingor"]
[Date "2018.07.26"]
[Round "7"]
[White "Ufnarovski, Victor"]
[Black "Stern, Geoffrey"]
[Result "0-1"]
[WhiteElo "1854"]
[BlackElo "2008"]
[PlyCount "106"]
[EventDate "2018.07.21"]
[EventType "swiss"]
[EventRounds "10"]
[EventCountry "DEN"]
[SourceTitle "CBM 185 Extra"]
[Source "ChessBase"]
[SourceDate "2018.07.29"]
[SourceVersion "1"]
[SourceVersionDate "2018.07.29"]
[SourceQuality "1"]

1. d4 d5 2. c4 e6 3. Nc3 Nf6 4. Bg5 Nbd7 5. e3 c6 6. Nf3 Qa5 7. Qc2 Ne4 8. Bf4 Bb4 9. Rc1 Qxa2 10. Bd3 Bxc3+ 11. bxc3 Qxc2 12. Rxc2 0-0 13. Bxe4 dxe4 14. Ng5 e5 15. dxe5 Nc5 16. e6 Nxe6 17. Nxe6 Bxe6 18. c5 Rfd8 19. Be5 b6 20. cxb6 axb6 21. 0-0 Rd7 22. Rb2 f6 23. Bg3 b5 24. Rb4 Bc4 25. Rc1 Rd3 26. Rb2 Rxc3 27. Re1 Rd3 28. f3 f5 29. Be5 Bd5 30. Kf2 Kf7 31. Rc1 g6 32. f4 Raa3 33. Bd4 Ke6 34. g3 Bc4 35. Re1 Kd5 36. Bf6 c5 37. Be7 b4 38. Rc1 Rdc3 39. Rxc3 bxc3 40. Rb6 Bd3 41. Rd6+ Kc4 42. Rc6 Ra5 43. Ke1 c2 44. Kd2 Ra1 45. Rxc5+ Kb3 46. Rc3+ Kb2 47. Ba3+ Rxa3 48. Rxa3 Kxa3 49. Kc1 h5 50. h3 Kb3 51. h4 Kc3 52. g4 fxg4 53. f5 g3 0-1

[Event "Helsingor Xtracon op"]
[Site "Helsingor"]
[Date "2018.07.22"]
[Round "2"]
[White "Matthiesen, Martin"]
[Black "Stern, Geoffrey"]
[Result "1-0"]
[WhiteElo "2273"]
[BlackElo "2008"]
[PlyCount "73"]
[EventDate "2018.07.21"]
[EventType "swiss"]
[EventRounds "10"]
[EventCountry "DEN"]
[SourceTitle "CBM 185 Extra"]
[Source "ChessBase"]
[SourceDate "2018.07.29"]
[SourceVersion "1"]
[SourceVersionDate "2018.07.29"]
[SourceQuality "1"]

1. d4 e6 2. Nf3 d5 3. Bf4 c5 4. e3 Nc6 5. c3 Bd6 6. Bg3 Nge7 7. Bd3 f5 8. Nbd2 0-0 9. Qe2 Ng6 10. Bxd6 Qxd6 11. h4 cxd4 12. cxd4 Bd7 13. h5 Nge7 14. h6 g6 15. a3 Rac8 16. b4 Rc7 17. 0-0 Rfc8 18. Nb3 b6 19. Ba6 Re8 20. Rfc1 Nb8 21. Rxc7 Qxc7 22. Rc1 Qd6 23. Ne5 Nec6 24. f4 Nd8 25. Nd2 Nf7 26. Nxf7 Kxf7 27. Nf3 Rd8 28. Ne5+ Kg8 29. Bb7 Ba4 30. Qe1 Qe7 31. Bc8 Bb5 32. Kh2 Rf8 33. Kh3 Re8 34. Qh4 Qxh4+ 35. Kxh4 Kf8 36. Rc7 Kg8 37. Rg7+ 1-0

[Event "Helsingor Xtracon op"]
[Site "Helsingor"]
[Date "2017.07.30"]
[Round "10"]
[White "Madsen, Michael Bohring"]
[Black "Stern, Geoffrey"]
[Result "0-1"]
[WhiteElo "2092"]
[BlackElo "1897"]
[PlyCount "98"]
[EventDate "2017.07.22"]
[EventType "swiss"]
[EventRounds "10"]
[EventCountry "DEN"]
[SourceTitle "CBM 179 Extra"]
[Source "ChessBase"]
[SourceDate "2017.08.23"]
[SourceVersion "1"]
[SourceVersionDate "2017.08.23"]
[SourceQuality "1"]

1. d4 d5 2. c4 e6 3. Nc3 Nf6 4. cxd5 exd5 5. Bg5 c6 6. e3 Nbd7 7. Bd3 Be7 8. Nge2 0-0 9. 0-0 Re8 10. Qc2 Nf8 11. f3 Ng6 12. Rad1 Be6 13. e4 dxe4 14. fxe4 Ng4 15. Bxe7 Rxe7 16. Qd2 Qc7 17. e5 Qb6 18. h3 N4xe5 19. Na4 Qc7 20. dxe5 Bxa2 21. Nac3 Bb3 22. Bc2 Bxc2 23. Qxc2 Rxe5 24. Qd2 h6 25. Nf4 Rae8 26. Nxg6 fxg6 27. Rf3 b5 28. b4 a5 29. Qa2+ Kh7 30. Qxa5 Re1+ 31. Rf1 Rxf1+ 32. Rxf1 Qg3 33. Nd1 Re1 34. Qd8 Rxf1+ 35. Kxf1 Qf4+ 36. Ke2 Qxb4 37. Ne3 c5 38. Qd2 Qb3 39. h4 Qe6 40. Qd5 Qb6 41. h5 gxh5 42. Qxh5 b4 43. Qf5+ Kh8 44. Qf8+ Kh7 45. Nf5 Qg6 46. g3 c4 47. Ne7 Qe6+ 48. Kf2 b3 49. Nf5 Qf6 0-1

[Event "Helsingor Xtracon op"]
[Site "Helsingor"]
[Date "2017.07.27"]
[Round "7"]
[White "Stern, Geoffrey"]
[Black "Petersson, Baldur Teodor"]
[Result "0-1"]
[WhiteElo "1897"]
[BlackElo "2086"]
[PlyCount "94"]
[EventDate "2017.07.22"]
[EventType "swiss"]
[EventRounds "10"]
[EventCountry "DEN"]
[SourceTitle "CBM 179 Extra"]
[Source "ChessBase"]
[SourceDate "2017.08.23"]
[SourceVersion "1"]
[SourceVersionDate "2017.08.23"]
[SourceQuality "1"]

1. d4 Nf6 2. Nc3 d5 3. Bg5 Nbd7 4. e3 e6 5. Nf3 Be7 6. Bd3 0-0 7. 0-0 c5 8. Re1 b6 9. e4 c4 10. Bf1 dxe4 11. Ne5 Nxe5 12. dxe5 Nd7 13. Bxe7 Qxe7 14. Rxe4 Bb7 15. Re1 Rfd8 16. Qg4 Rac8 17. Rad1 a6 18. Ne4 Bxe4 19. Qxe4 Qc5 20. Qd4 b5 21. g3 Qxd4 22. Rxd4 Nb8 23. Red1 Rxd4 24. Rxd4 Nc6 25. Rd6 Nxe5 26. Bg2 c3 27. b3 g5 28. Bb7 Rc5 29. Rxa6 Rc7 30. f4 gxf4 31. gxf4 Nd3 32. Be4 Nxf4 33. Rd6 Ra7 34. Kf2 f5 35. Bd3 Nxd3+ 36. Rxd3 b4 37. Ke3 Rxa2 38. Rd8+ Kf7 39. Kd3 e5 40. Rb8 e4+ 41. Ke3 Rxc2 42. Rxb4 Rxh2 43. Rc4 Ke6 44. b4 Rb2 45. Kf4 c2 46. Rc6+ Kd5 47. Rc5+ Kd4 0-1

[Event "Helsingor Xtracon op"]
[Site "Helsingor"]
[Date "2017.07.26"]
[Round "6"]
[White "Andersen, Soren Mikkel"]
[Black "Stern, Geoffrey"]
[Result "0-1"]
[WhiteElo "2123"]
[BlackElo "1897"]
[PlyCount "130"]
[EventDate "2017.07.22"]
[EventType "swiss"]
[EventRounds "10"]
[EventCountry "DEN"]
[SourceTitle "CBM 179 Extra"]
[Source "ChessBase"]
[SourceDate "2017.08.23"]
[SourceVersion "1"]
[SourceVersionDate "2017.08.23"]
[SourceQuality "1"]

1. d4 e6 2. c4 d5 3. Nc3 Nf6 4. Bg5 Nbd7 5. Nf3 c6 6. e3 Qa5 7. cxd5 Nxd5 8. Qd2 Bb4 9. Rc1 0-0 10. Bd3 h6 11. Bh4 e5 12. 0-0 Re8 13. Qc2 exd4 14. Nxd5 Qxd5 15. exd4 Qxa2 16. Bc4 Qa5 17. Qg6 Rf8 18. Ra1 Kh8 19. Bxf7 Qb5 20. d5 Rxf7 21. Qxf7 Qxd5 22. Qe8+ Qg8 23. Qe4 a5 24. Rfd1 Nc5 25. Qg6 Be6 26. Ne5 Re8 27. Qg3 Nb3 28. Ng6+ Kh7 29. Qd3 Qf7 30. Nf8+ Kg8 31. Nxe6 Rxe6 32. Rab1 a4 33. h3 b5 34. Bg3 Re7 35. Qc2 Qg6 36. Qc3 Qh5 37. Qc2 Qg6 38. Qc3 Qh7 39. Qf3 Qe4 40. Qxe4 Rxe4 41. Rd8+ Kf7 42. Rbd1 Re2 43. Rc8 c5 44. Rd7+ Kf6 45. Rc6+ Re6 46. Rcc7 Re1+ 47. Kh2 Nd4 48. Rf7+ Ke6 49. Rxg7 Kd5 50. Rgd7+ Kc4 51. Bf4 Kb3 52. Bxh6 Kxb2 53. Bg7 Rd1 54. Rd6 a3 55. Ra6 a2 56. Rca7 a1Q 57. Rxa1 Rxa1 58. Rxa1 Kxa1 59. h4 Bd2 60. h5 b4 61. h6 Bxh6 62. Bxh6 b3 63. Bf8 b2 64. Bxc5 Nc6 65. g4 b1Q 0-1

[Event "Bodensee op"]
[Site "Bregenz"]
[Date "2017.05.20"]
[Round "1"]
[White "Teske, Henrik"]
[Black "Stern, Geoffrey"]
[Result "1-0"]
[WhiteElo "2492"]
[BlackElo "1899"]
[PlyCount "119"]
[EventDate "2017.05.20"]
[EventType "swiss"]
[EventRounds "9"]
[EventCountry "AUT"]
[SourceTitle "CBM 178 Extra"]
[Source "ChessBase"]
[SourceDate "2017.06.22"]
[SourceVersion "1"]
[SourceVersionDate "2017.06.22"]
[SourceQuality "1"]

1. e4 e6 2. d4 d5 3. Nc3 dxe4 4. Nxe4 Nd7 5. Bd3 Ngf6 6. Qe2 Be7 7. Nf3 0-0 8. 0-0 c5 9. dxc5 Nxc5 10. Nxc5 Bxc5 11. Bg5 Qc7 12. Bxf6 gxf6 13. Rad1 f5 14. Rfe1 b6 15. Qd2 Bb7 16. Ne5 f6 17. Nc4 Qc6 18. Bf1 Rf7 19. b4 Rg7 20. Ne3 f4 21. bxc5 fxe3 22. fxe3 Qxc5 23. c4 Qc6 24. e4 Rc8 25. Re3 Qc5 26. Kh1 Kh8 27. Rde1 Qe5 28. Kg1 Qc5 29. Qf2 Qg5 30. Rf3 Rf7 31. Ra3 Ba8 32. Rd3 Bb7 33. Rf3 Qe5 34. Bd3 Ba6 35. Rc1 Bb7 36. Re1 Rcf8 37. Bb1 Qg5 38. Ra3 Ba8 39. Qd4 Rc8 40. Rf3 Rcf8 41. Qd6 Qc5+ 42. Qxc5 bxc5 43. Bc2 Bc6 44. Ra3 Rc8 45. Ra5 Ba8 46. Rd1 e5 47. Kf2 Kg7 48. Ke3 Rfc7 49. Rd6 Rb8 50. Rb5 Rf8 51. g3 h6 52. Bd3 Kg6 53. Bf1 Kg5 54. Bh3 Re8 55. Bf5 Rf8 56. h4+ Kh5 57. Kf3 Bb7 58. Rb1 Ba8 59. g4+ Kxh4 60. Rh1+ 1-0

[Event "EU-Cup 31st"]
[Site "Skopje"]
[Date "2015.10.19"]
[Round "2.5"]
[White "Stern, Geoffrey"]
[Black "Gnichtel, Gerd"]
[Result "0-1"]
[WhiteElo "1930"]
[BlackElo "2122"]
[PlyCount "128"]
[EventDate "2015.10.18"]
[EventType "team-swiss"]
[EventRounds "7"]
[EventCountry "MKD"]
[SourceTitle "CBM 169"]
[Source "ChessBase"]
[SourceDate "2015.11.10"]
[SourceVersion "1"]
[SourceVersionDate "2015.11.10"]
[SourceQuality "1"]
[WhiteTeam "Bonnevoie Gambit"]
[BlackTeam "Echternach Sprenger"]
[WhiteTeamCountry "LUX"]
[BlackTeamCountry "LUX"]

1. d4 Nf6 2. Nc3 d5 3. Bg5 e6 4. Nf3 Be7 5. Bxf6 Bxf6 6. e4 dxe4 7. Nxe4 Bd7 8. Bd3 Bc6 9. c3 Nd7 10. 0-0 Bxe4 11. Bxe4 c6 12. Qe2 0-0 13. Rfe1 Re8 14. Bc2 Qc7 15. Rad1 Rad8 16. g3 g6 17. h4 Qa5 18. a3 Bg7 19. Kg2 Qh5 20. Bb1 Nf6 21. Ne5 Qxe2 22. Rxe2 c5 23. Red2 cxd4 24. Rxd4 Nd5 25. Re1 Nb6 26. Rde4 Rd2 27. R1e2 Red8 28. Nf3 Rd1 29. Re1 Rxe1 30. Nxe1 Rd2 31. Nd3 Nd5 32. Kf1 Bxc3 33. bxc3 Nxc3 34. Rb4 Rd1+ 35. Kg2 Nxb1 36. Nb2 Rd7 37. a4 Nc3 38. Kf3 Kf8 39. Rc4 Nd1 40. Rc8+ Ke7 41. Nc4 Kf6 42. g4 h6 43. a5 Nc3 44. Rc5 Nd5 45. Ke4 Rc7 46. Rxc7 Nxc7 47. f4 Nd5 48. g5+ hxg5 49. hxg5+ Ke7 50. Ke5 b6 51. axb6 Nxb6 52. Na5 Nd7+ 53. Kd4 Kd6 54. Nc4+ Kc6 55. Na5+ Kb5 56. Nb7 a5 57. Nd6+ Kb4 58. Kd3 Kb3 59. Kd2 a4 60. Kc1 Nc5 61. Kb1 Nd3 62. Nxf7 a3 63. Nd6 a2+ 64. Ka1 Nb4 0-1

[Event "Luxembourg-chT 1415"]
[Site "Luxembourg"]
[Date "2014.11.09"]
[Round "?"]
[White "Stern, Geoffrey"]
[Black "Ackermann, Robert"]
[Result "1/2-1/2"]
[WhiteElo "2007"]
[BlackElo "2041"]
[PlyCount "194"]
[EventDate "2014.10.05"]
[EventType "team-tourn"]
[EventRounds "10"]
[EventCountry "LUX"]
[SourceTitle "EXT 2017"]
[Source "ChessBase"]
[SourceDate "2016.10.25"]
[SourceVersion "1"]
[SourceVersionDate "2016.10.25"]
[SourceQuality "1"]

1. d4 Nf6 2. Nc3 d5 3. Bg5 e6 4. Nf3 Be7 5. Bxf6 Bxf6 6. e4 dxe4 7. Nxe4 Nd7 8. Qd2 Be7 9. Bd3 Nf6 10. 0-0-0 Nxe4 11. Bxe4 0-0 12. h4 c5 13. dxc5 Qxd2+ 14. Rxd2 Bxc5 15. Rhd1 Bb6 16. Kb1 Bc7 17. Nd4 a6 18. Nb3 Bb6 19. a4 f5 20. Bf3 Re8 21. a5 Bc7 22. Rd3 Rb8 23. g4 g6 24. h5 Kg7 25. Rd7+ Bxd7 26. Rxd7+ Kh6 27. Rxc7 fxg4 28. Bxg4 gxh5 29. Bf3 b6 30. Be4 Rh8 31. Rc6 bxa5 32. Rxe6+ Kg5 33. Rxa6 h4 34. Rxa5+ Kf4 35. Bc6 h5 36. Ra4+ Kg5 37. Nd4 Rhc8 38. Nf3+ Kh6 39. Bd5 Rc5 40. Ra6+ Kg7 41. Ra7+ Kh8 42. Nxh4 Rb6 43. c4 Rc8 44. Re7 Rcb8 45. Re2 Rb4 46. f4 Kg7 47. f5 Kf6 48. Rf2 Re8 49. Kc2 Re3 50. Ng2 Reb3 51. Kc1 Rb8 52. Be6 Ke5 53. c5 Rc3+ 54. Rc2 Rxc2+ 55. Kxc2 Rb5 56. Kd3 Rxc5 57. b4 Rc1 58. Ne3 h4 59. Nc4+ Kf6 60. Ne3 h3 61. b5 Rc5 62. b6 Rb5 63. Kc4 Rxb6 64. Nd5+ Kg5 65. Nxb6 h2 66. Bd5 Kxf5 67. Kd3 Kf4 68. Ke2 Kg3 69. Kf1 Kf4 70. Kg2 h1Q+ 71. Kxh1 Ke5 72. Kg2 Kd4 73. Bf3 Kc5 74. Nd5 Kd4 75. Kf2 Kd3 76. Nf6 Kd4 77. Ke2 Ke5 78. Nh5 Kd4 79. Ng3 Kc3 80. Ke3 Kc2 81. Kd4 Kb3 82. Ne4 Kb2 83. Bd1 Kc1 84. Bb3 Kb2 85. Nc5 Ka3 86. Kc4 Kb2 87. Nd3+ Ka3 88. Nb4 Kb2 89. Na2 Ka3 90. Nb4 Kb2 91. Nd3+ Ka3 92. Bd1 Ka2 93. Kc3 Ka1 94. Nc1 Kb1 95. Ne2 Ka2 96. Kc2 Ka3 97. Nd4 Kb4 1/2-1/2

[Event "Luxembourg-chT 1314"]
[Site "Luxembourg"]
[Date "2014.02.09"]
[Round "7"]
[White "Biryukov, Alice"]
[Black "Stern, Geoffrey"]
[Result "1-0"]
[WhiteElo "1867"]
[BlackElo "2007"]
[PlyCount "101"]
[EventDate "2013.10.05"]
[EventType "team-tourn"]
[EventRounds "10"]
[EventCountry "LUX"]
[SourceTitle "EXT 2017"]
[Source "ChessBase"]
[SourceDate "2016.10.25"]
[SourceVersion "1"]
[SourceVersionDate "2016.10.25"]
[SourceQuality "1"]

1. e4 e6 2. d4 d5 3. Nc3 Bb4 4. e5 Qd7 5. a3 Bxc3+ 6. bxc3 b6 7. Bd3 Ba6 8. Nf3 Ne7 9. Qe2 Bxd3 10. cxd3 0-0 11. 0-0 Nbc6 12. Bb2 Rad8 13. Rfd1 Na5 14. Qc2 c5 15. dxc5 bxc5 16. c4 Rb8 17. Bc3 Qc7 18. Qa4 Nac6 19. Re1 d4 20. Bd2 Ng6 21. Qc2 Ncxe5 22. Nxe5 Nxe5 23. Re4 Nd7 24. Bf4 e5 25. Bd2 Rb7 26. Ree1 Rfb8 27. Rab1 Qc6 28. h3 h6 29. Kh2 Qd6 30. Kg1 Qa6 31. Rxb7 Qxb7 32. Qd1 Qb2 33. Bxh6 Qc3 34. Bc1 Rb3 35. Kh2 Qxd3 36. Qg4 Nf6 37. Qc8+ Kh7 38. Rxe5 Rb1 39. Bg5 Qg6 40. Bxf6 gxf6 41. Re8 Qg7 42. Qf5+ Qg6 43. Qxc5 d3 44. Rd8 Re1 45. Qc8 Qe4 46. Rh8+ Kg6 47. Qg8+ Kf5 48. Rh5+ Ke6 49. Qe8+ Kd6 50. Rd5+ Kc7 51. Qd7+ 1-0